000 00963nam a2200205Ia 4500
003 OSt
005 20241120160346.0
007 ca aa aaaaa
008 201103s9999 xx 000 0 und d
040 _cSSBUL
041 _abur
082 _a၂၉၄.၃၈၂၄ တေ
_223
_b၉၁၁၅(၁) S-SAT
100 _a တေဇိန္ဒ၊ ဘဒ္ဒန္တ(ကမ္မဋ္ဌာနစရိယ)
_917303
245 0 _aပဋိစ္စသမုပ္ပါဒ်အခြေခံသင်တန်း/
_cဘဒ္ဒန္တတေဇိန္ဒ(ကမ္မဋ္ဌာနာစရိယ)
260 _aရန်ကုန် ၊
_bအသိုင်းအဝိုင်းစာပေ၊
_c၁၉၉၇။
300 _a၁၆၉ စာမျက်နှာ၊
_bပုံများ၊
_c၁၈ စင်တီ။
500 _aS-SAT: Dr. Sai Aung Tun Collection
650 _aပဋိစ္စသမုပါဒ်
_953286
942 _2ddc
_cBK1
999 _c16678
_d16678